000 00279nam a22001217a 4500
008 171201b xxu||||| |||| 00| 0 eng d
041 _aeng
080 _a37
100 _a46
101 _aEDU
245 _aTHE EDUCATOR'S ENCYCLOPEDIA OF SCHOOL LAW
_cGATTI,D.J
942 _2udc
_cBK
999 _c38713
_d38713